| 000 | 00542nam a2200205Ia 4500 | ||
|---|---|---|---|
| 005 | 20250130031431.0 | ||
| 008 | 240331s9999 xx 000 0 und d | ||
| 020 | _a0394749049 | ||
| 082 |
_bOAK _225 _a305.4 |
||
| 100 | _aOakley, A | ||
| 245 | 0 |
_aSubject Women: _bWhere Women Stand Today - Politically, Economically, Socially, Emotionally |
|
| 260 |
_aNew York _bPantheon Books _c1981 |
||
| 300 | _ax, 406 p., | ||
| 650 | _aWomen | ||
| 650 | _aEducation | ||
| 650 | _aLabour | ||
| 650 | _aGender | ||
| 650 | _aRelationships | ||
| 942 | _cL | ||
| 999 |
_c1681 _d1681 |
||